Foodservice management fundamentals / (Record no. 189701)

MARC details
000 -LEADER
fixed length control field 00914pam a2200265 i 4500
003 - CONTROL NUMBER IDENTIFIER
control field Uk
005 - DATE AND TIME OF LATEST TRANSACTION
control field 20231116160716.0
008 - FIXED-LENGTH DATA ELEMENTS--GENERAL INFORMATION
fixed length control field 130213t20132013njua b 001 0 eng
020 ## - INTERNATIONAL STANDARD BOOK NUMBER
International Standard Book Number 9780470409060
Qualifying information hardback
040 ## - CATALOGING SOURCE
Original cataloging agency StDuBDS
Language of cataloging eng
Transcribing agency StDuBDS
Modifying agency Uk
Description conventions rda
Modifying agency MY-SjTCS
082 04 - DEWEY DECIMAL CLASSIFICATION NUMBER
Classification number 647.95068
Item number REY 2013
100 1# - MAIN ENTRY--PERSONAL NAME
Personal name Reynolds, Dennis E.,
Relator term author.
9 (RLIN) 18298
245 10 - TITLE STATEMENT
Title Foodservice management fundamentals /
Statement of responsibility, etc. Dennis Reynolds, PhD, and Kathleen Wachter Mcclusky, MS, RD, FADA.
264 #1 - PRODUCTION, PUBLICATION, DISTRIBUTION, MANUFACTURE, AND COPYRIGHT NOTICE
Place of production, publication, distribution, manufacture Hoboken, New Jersey :
Name of producer, publisher, distributor, manufacturer Wiley,
Date of production, publication, distribution, manufacture, or copyright notice [2013]
264 #4 - PRODUCTION, PUBLICATION, DISTRIBUTION, MANUFACTURE, AND COPYRIGHT NOTICE
Date of production, publication, distribution, manufacture, or copyright notice ©2013
300 ## - PHYSICAL DESCRIPTION
Extent xiv, 418 pages :
Other physical details illustrations ;
Dimensions 29 cm
336 ## - CONTENT TYPE
Content type term text
Source rdacontent
337 ## - MEDIA TYPE
Media type term unmediated
Source rdamedia
338 ## - CARRIER TYPE
Carrier type term volume
Source rdacarrier
504 ## - BIBLIOGRAPHY, ETC. NOTE
Bibliography, etc. note Includes bibliographical rererences and index.
650 #0 - SUBJECT ADDED ENTRY--TOPICAL TERM
Topical term or geographic name entry element Food service management.
9 (RLIN) 204553
700 1# - ADDED ENTRY--PERSONAL NAME
Personal name Mcclusky, Kathy,
Relator term author.
9 (RLIN) 306486
920 ## -
-- TCI : 334511
Holdings
Withdrawn status Lost status Source of classification or shelving scheme Damaged status Not for loan Home library Current library Date acquired Source of acquisition Cost, normal purchase price Total Checkouts Barcode Date last seen Date last checked out Uniform Resource Identifier Cost, replacement price Price effective from Koha item type Public note
    Dewey Decimal Classification     Taylor's Library-TU Taylor's Library-TU 25/05/2023 522 253.50 1 5000174662 08/11/2025 07/11/2025 Floor 4, Shelf 21 , Side 2, TierNo 3, BayNo 8 253.50 25/05/2023 Main Collection TCIxx,30003,03,RM